Countries that Border Italy - Statistics

General Stats
  • This quiz has been taken 26 times
  • The average score is 6 of 6
Answer Stats
Country % Correct
Austria
100%
France
100%
Switzerland
100%
San Marino
96%
Vatican City
96%
Slovenia
91%
No matching quizzes found
Score Distribution
Percent of People with Each Score
Percentile by Number Answered
Your Score History
You have not taken this quiz